<?xml version="1.0" encoding="UTF-8"?><marc:collection xmlns:marc="http://www.loc.gov/MARC21/slim">
  <marc:record>
    <marc:leader>03807pam a2200625 c 4500</marc:leader>
    <marc:controlfield tag="001">920847315</marc:controlfield>
    <marc:controlfield tag="003">DE-101</marc:controlfield>
    <marc:controlfield tag="005">20241128193738.0</marc:controlfield>
    <marc:controlfield tag="007">tu</marc:controlfield>
    <marc:controlfield tag="008">920611s1992    gw ||||| m||| 00||||ger  </marc:controlfield>
    <marc:datafield tag="015" ind1=" " ind2=" ">
      <marc:subfield code="a">93,A42,0355</marc:subfield>
      <marc:subfield code="z">92,N38,0267</marc:subfield>
      <marc:subfield code="2">dnb</marc:subfield>
    </marc:datafield>
    <marc:datafield tag="016" ind1="7" ind2=" ">
      <marc:subfield code="2">DE-101</marc:subfield>
      <marc:subfield code="a">920847315</marc:subfield>
    </marc:datafield>
    <marc:datafield tag="020" ind1=" " ind2=" ">
      <marc:subfield code="a">9783631453421</marc:subfield>
      <marc:subfield code="c">kart. : sfr 73.00</marc:subfield>
      <marc:subfield code="9">978-3-631-45342-1</marc:subfield>
    </marc:datafield>
    <marc:datafield tag="020" ind1=" " ind2=" ">
      <marc:subfield code="a">3631453426</marc:subfield>
      <marc:subfield code="c">kart. : sfr 73.00</marc:subfield>
      <marc:subfield code="9">3-631-45342-6</marc:subfield>
    </marc:datafield>
    <marc:datafield tag="035" ind1=" " ind2=" ">
      <marc:subfield code="a">(DE-599)DNB920847315</marc:subfield>
    </marc:datafield>
    <marc:datafield tag="035" ind1=" " ind2=" ">
      <marc:subfield code="a">(OCoLC)231441400</marc:subfield>
    </marc:datafield>
    <marc:datafield tag="040" ind1=" " ind2=" ">
      <marc:subfield code="a">1100</marc:subfield>
      <marc:subfield code="b">ger</marc:subfield>
      <marc:subfield code="c">DE-101</marc:subfield>
      <marc:subfield code="d">9999</marc:subfield>
    </marc:datafield>
    <marc:datafield tag="041" ind1=" " ind2=" ">
      <marc:subfield code="a">ger</marc:subfield>
    </marc:datafield>
    <marc:datafield tag="043" ind1=" " ind2=" ">
      <marc:subfield code="c">XB-JP</marc:subfield>
      <marc:subfield code="c">XB</marc:subfield>
      <marc:subfield code="c">XB-CN</marc:subfield>
      <marc:subfield code="c">XB-JP</marc:subfield>
      <marc:subfield code="c">XB</marc:subfield>
      <marc:subfield code="c">XB-CN</marc:subfield>
    </marc:datafield>
    <marc:datafield tag="044" ind1=" " ind2=" ">
      <marc:subfield code="c">XA-DE</marc:subfield>
    </marc:datafield>
    <marc:datafield tag="084" ind1=" " ind2=" ">
      <marc:subfield code="a">17</marc:subfield>
      <marc:subfield code="a">16</marc:subfield>
      <marc:subfield code="a">330</marc:subfield>
      <marc:subfield code="a">380</marc:subfield>
      <marc:subfield code="a">650</marc:subfield>
      <marc:subfield code="a">670</marc:subfield>
      <marc:subfield code="q">DE-101</marc:subfield>
      <marc:subfield code="2">sdnb</marc:subfield>
    </marc:datafield>
    <marc:datafield tag="084" ind1=" " ind2=" ">
      <marc:subfield code="a">10.4</marc:subfield>
      <marc:subfield code="a">10.2ea</marc:subfield>
      <marc:subfield code="a">10.4</marc:subfield>
      <marc:subfield code="a">10.2ea</marc:subfield>
      <marc:subfield code="q">DE-101</marc:subfield>
      <marc:subfield code="2">sswd</marc:subfield>
    </marc:datafield>
    <marc:datafield tag="100" ind1="1" ind2=" ">
      <marc:subfield code="0">(DE-588)171158059</marc:subfield>
      <marc:subfield code="0">https://d-nb.info/gnd/171158059</marc:subfield>
      <marc:subfield code="0">(DE-101)171158059</marc:subfield>
      <marc:subfield code="a">Siems, Dorothea</marc:subfield>
      <marc:subfield code="d">1963-</marc:subfield>
      <marc:subfield code="e">Verfasser</marc:subfield>
      <marc:subfield code="4">aut</marc:subfield>
      <marc:subfield code="2">gnd</marc:subfield>
    </marc:datafield>
    <marc:datafield tag="245" ind1="1" ind2="0">
      <marc:subfield code="a">Japans aussenwirtschafts- und entwicklungspolitische Strategien gegenüber China und ASEAN</marc:subfield>
      <marc:subfield code="b">ein Beitrag zu den Regionalisierungstendenzen im pazifisch-asiatischen Raum</marc:subfield>
      <marc:subfield code="c">Dorothea Siems</marc:subfield>
    </marc:datafield>
    <marc:datafield tag="264" ind1=" " ind2="1">
      <marc:subfield code="a">Frankfurt am Main</marc:subfield>
      <marc:subfield code="a">Berlin</marc:subfield>
      <marc:subfield code="a">Bern</marc:subfield>
      <marc:subfield code="a">New York</marc:subfield>
      <marc:subfield code="a">Paris</marc:subfield>
      <marc:subfield code="a">Wien</marc:subfield>
      <marc:subfield code="b">Lang</marc:subfield>
      <marc:subfield code="c">1992</marc:subfield>
    </marc:datafield>
    <marc:datafield tag="300" ind1=" " ind2=" ">
      <marc:subfield code="a">IX, 269 S.</marc:subfield>
      <marc:subfield code="b">graph. Darst.</marc:subfield>
      <marc:subfield code="c">21 cm</marc:subfield>
    </marc:datafield>
    <marc:datafield tag="336" ind1=" " ind2=" ">
      <marc:subfield code="a">Text</marc:subfield>
      <marc:subfield code="b">txt</marc:subfield>
      <marc:subfield code="2">rdacontent</marc:subfield>
    </marc:datafield>
    <marc:datafield tag="337" ind1=" " ind2=" ">
      <marc:subfield code="a">ohne Hilfsmittel zu benutzen</marc:subfield>
      <marc:subfield code="b">n</marc:subfield>
      <marc:subfield code="2">rdamedia</marc:subfield>
    </marc:datafield>
    <marc:datafield tag="338" ind1=" " ind2=" ">
      <marc:subfield code="a">Band</marc:subfield>
      <marc:subfield code="b">nc</marc:subfield>
      <marc:subfield code="2">rdacarrier</marc:subfield>
    </marc:datafield>
    <marc:datafield tag="366" ind1=" " ind2=" ">
      <marc:subfield code="c">OP 20241128</marc:subfield>
      <marc:subfield code="2">onixas</marc:subfield>
    </marc:datafield>
    <marc:datafield tag="490" ind1="1" ind2=" ">
      <marc:subfield code="a">Europäische Hochschulschriften : Reihe 5, Volks- und Betriebswirtschaft</marc:subfield>
      <marc:subfield code="v">Bd. 1334</marc:subfield>
    </marc:datafield>
    <marc:datafield tag="502" ind1=" " ind2=" ">
      <marc:subfield code="a">Zugl.: Berlin, Freie Univ., Diss., 1992</marc:subfield>
    </marc:datafield>
    <marc:datafield tag="610" ind1="2" ind2="7">
      <marc:subfield code="0">(DE-588)116362-0</marc:subfield>
      <marc:subfield code="0">https://d-nb.info/gnd/116362-0</marc:subfield>
      <marc:subfield code="0">(DE-101)001163620</marc:subfield>
      <marc:subfield code="a">Association of Southeast Asian Nations</marc:subfield>
      <marc:subfield code="9">rswk-swf</marc:subfield>
      <marc:subfield code="2">gnd</marc:subfield>
    </marc:datafield>
    <marc:datafield tag="610" ind1="2" ind2="7">
      <marc:subfield code="0">(DE-588)116362-0</marc:subfield>
      <marc:subfield code="0">https://d-nb.info/gnd/116362-0</marc:subfield>
      <marc:subfield code="0">(DE-101)001163620</marc:subfield>
      <marc:subfield code="a">Association of Southeast Asian Nations</marc:subfield>
      <marc:subfield code="9">rswk-swf</marc:subfield>
      <marc:subfield code="2">gnd</marc:subfield>
    </marc:datafield>
    <marc:datafield tag="650" ind1=" " ind2="7">
      <marc:subfield code="0">(DE-588)4003857-9</marc:subfield>
      <marc:subfield code="0">https://d-nb.info/gnd/4003857-9</marc:subfield>
      <marc:subfield code="0">(DE-101)040038572</marc:subfield>
      <marc:subfield code="a">Außenwirtschaftspolitik</marc:subfield>
      <marc:subfield code="9">rswk-swf</marc:subfield>
      <marc:subfield code="2">gnd</marc:subfield>
    </marc:datafield>
    <marc:datafield tag="650" ind1=" " ind2="7">
      <marc:subfield code="0">(DE-588)4014957-2</marc:subfield>
      <marc:subfield code="0">https://d-nb.info/gnd/4014957-2</marc:subfield>
      <marc:subfield code="0">(DE-101)040149579</marc:subfield>
      <marc:subfield code="a">Entwicklungspolitik</marc:subfield>
      <marc:subfield code="9">rswk-swf</marc:subfield>
      <marc:subfield code="2">gnd</marc:subfield>
    </marc:datafield>
    <marc:datafield tag="651" ind1=" " ind2="7">
      <marc:subfield code="0">(DE-588)4028495-5</marc:subfield>
      <marc:subfield code="0">https://d-nb.info/gnd/4028495-5</marc:subfield>
      <marc:subfield code="0">(DE-101)040284956</marc:subfield>
      <marc:subfield code="a">Japan</marc:subfield>
      <marc:subfield code="9">rswk-swf</marc:subfield>
      <marc:subfield code="2">gnd</marc:subfield>
    </marc:datafield>
    <marc:datafield tag="651" ind1=" " ind2="7">
      <marc:subfield code="0">(DE-588)4009937-4</marc:subfield>
      <marc:subfield code="0">https://d-nb.info/gnd/4009937-4</marc:subfield>
      <marc:subfield code="0">(DE-101)040099377</marc:subfield>
      <marc:subfield code="a">China</marc:subfield>
      <marc:subfield code="9">rswk-swf</marc:subfield>
      <marc:subfield code="2">gnd</marc:subfield>
    </marc:datafield>
    <marc:datafield tag="651" ind1=" " ind2="7">
      <marc:subfield code="0">(DE-588)4028495-5</marc:subfield>
      <marc:subfield code="0">https://d-nb.info/gnd/4028495-5</marc:subfield>
      <marc:subfield code="0">(DE-101)040284956</marc:subfield>
      <marc:subfield code="a">Japan</marc:subfield>
      <marc:subfield code="9">rswk-swf</marc:subfield>
      <marc:subfield code="2">gnd</marc:subfield>
    </marc:datafield>
    <marc:datafield tag="651" ind1=" " ind2="7">
      <marc:subfield code="0">(DE-588)4009937-4</marc:subfield>
      <marc:subfield code="0">https://d-nb.info/gnd/4009937-4</marc:subfield>
      <marc:subfield code="0">(DE-101)040099377</marc:subfield>
      <marc:subfield code="a">China</marc:subfield>
      <marc:subfield code="9">rswk-swf</marc:subfield>
      <marc:subfield code="2">gnd</marc:subfield>
    </marc:datafield>
    <marc:datafield tag="655" ind1=" " ind2="7">
      <marc:subfield code="0">(DE-588)4113937-9</marc:subfield>
      <marc:subfield code="0">https://d-nb.info/gnd/4113937-9</marc:subfield>
      <marc:subfield code="0">(DE-101)041139372</marc:subfield>
      <marc:subfield code="a">Hochschulschrift</marc:subfield>
      <marc:subfield code="2">gnd-content</marc:subfield>
    </marc:datafield>
    <marc:datafield tag="689" ind1="0" ind2="0">
      <marc:subfield code="0">(DE-588)4028495-5</marc:subfield>
      <marc:subfield code="0">https://d-nb.info/gnd/4028495-5</marc:subfield>
      <marc:subfield code="0">(DE-101)040284956</marc:subfield>
      <marc:subfield code="D">g</marc:subfield>
      <marc:subfield code="a">Japan</marc:subfield>
    </marc:datafield>
    <marc:datafield tag="689" ind1="0" ind2="1">
      <marc:subfield code="0">(DE-588)4003857-9</marc:subfield>
      <marc:subfield code="0">https://d-nb.info/gnd/4003857-9</marc:subfield>
      <marc:subfield code="0">(DE-101)040038572</marc:subfield>
      <marc:subfield code="D">s</marc:subfield>
      <marc:subfield code="a">Außenwirtschaftspolitik</marc:subfield>
    </marc:datafield>
    <marc:datafield tag="689" ind1="0" ind2="2">
      <marc:subfield code="0">(DE-588)116362-0</marc:subfield>
      <marc:subfield code="0">https://d-nb.info/gnd/116362-0</marc:subfield>
      <marc:subfield code="0">(DE-101)001163620</marc:subfield>
      <marc:subfield code="D">b</marc:subfield>
      <marc:subfield code="a">Association of Southeast Asian Nations</marc:subfield>
    </marc:datafield>
    <marc:datafield tag="689" ind1="0" ind2="3">
      <marc:subfield code="0">(DE-588)4009937-4</marc:subfield>
      <marc:subfield code="0">https://d-nb.info/gnd/4009937-4</marc:subfield>
      <marc:subfield code="0">(DE-101)040099377</marc:subfield>
      <marc:subfield code="D">g</marc:subfield>
      <marc:subfield code="a">China</marc:subfield>
    </marc:datafield>
    <marc:datafield tag="689" ind1="0" ind2=" ">
      <marc:subfield code="5">DE-101</marc:subfield>
      <marc:subfield code="5">DE-101</marc:subfield>
    </marc:datafield>
    <marc:datafield tag="689" ind1="1" ind2="0">
      <marc:subfield code="0">(DE-588)4028495-5</marc:subfield>
      <marc:subfield code="0">https://d-nb.info/gnd/4028495-5</marc:subfield>
      <marc:subfield code="0">(DE-101)040284956</marc:subfield>
      <marc:subfield code="D">g</marc:subfield>
      <marc:subfield code="a">Japan</marc:subfield>
    </marc:datafield>
    <marc:datafield tag="689" ind1="1" ind2="1">
      <marc:subfield code="0">(DE-588)4014957-2</marc:subfield>
      <marc:subfield code="0">https://d-nb.info/gnd/4014957-2</marc:subfield>
      <marc:subfield code="0">(DE-101)040149579</marc:subfield>
      <marc:subfield code="D">s</marc:subfield>
      <marc:subfield code="a">Entwicklungspolitik</marc:subfield>
    </marc:datafield>
    <marc:datafield tag="689" ind1="1" ind2="2">
      <marc:subfield code="0">(DE-588)116362-0</marc:subfield>
      <marc:subfield code="0">https://d-nb.info/gnd/116362-0</marc:subfield>
      <marc:subfield code="0">(DE-101)001163620</marc:subfield>
      <marc:subfield code="D">b</marc:subfield>
      <marc:subfield code="a">Association of Southeast Asian Nations</marc:subfield>
    </marc:datafield>
    <marc:datafield tag="689" ind1="1" ind2="3">
      <marc:subfield code="0">(DE-588)4009937-4</marc:subfield>
      <marc:subfield code="0">https://d-nb.info/gnd/4009937-4</marc:subfield>
      <marc:subfield code="0">(DE-101)040099377</marc:subfield>
      <marc:subfield code="D">g</marc:subfield>
      <marc:subfield code="a">China</marc:subfield>
    </marc:datafield>
    <marc:datafield tag="689" ind1="1" ind2=" ">
      <marc:subfield code="5">DE-101</marc:subfield>
      <marc:subfield code="5">DE-101</marc:subfield>
    </marc:datafield>
    <marc:datafield tag="830" ind1=" " ind2="0">
      <marc:subfield code="a">Europäische Hochschulschriften / 5</marc:subfield>
      <marc:subfield code="n">Reihe 5</marc:subfield>
      <marc:subfield code="p">Volks- und Betriebswirtschaft</marc:subfield>
      <marc:subfield code="t">Europäische Hochschulschriften</marc:subfield>
      <marc:subfield code="v">Bd. 1334</marc:subfield>
      <marc:subfield code="w">(DE-101)012681407</marc:subfield>
      <marc:subfield code="w">(DE-600)510547-X</marc:subfield>
      <marc:subfield code="9">41334</marc:subfield>
      <marc:subfield code="7">as</marc:subfield>
    </marc:datafield>
    <marc:datafield tag="850" ind1=" " ind2=" ">
      <marc:subfield code="a">DE-101a</marc:subfield>
      <marc:subfield code="a">DE-101b</marc:subfield>
    </marc:datafield>
    <marc:datafield tag="856" ind1="4" ind2="2">
      <marc:subfield code="m">V:DE-604</marc:subfield>
      <marc:subfield code="q">application/pdf</marc:subfield>
      <marc:subfield code="u">https://d-nb.info/920847315/04</marc:subfield>
      <marc:subfield code="3">Inhaltsverzeichnis</marc:subfield>
    </marc:datafield>
    <marc:datafield tag="925" ind1="r" ind2=" ">
      <marc:subfield code="a">ra</marc:subfield>
    </marc:datafield>
  </marc:record>
</marc:collection>
